Héroes y liturgias del poder: la ceremonia del apoteosis: México, 6 de octubre de 1910 /
En este artículo se describe y analiza la ceremonia en honor de los héroes mexicanos de la lucha emancipadora de setiembre de 1810, la cual fue profusa en elementos de valor simbólico y alegórico. Tal fue el caso del levantamiento de un grandioso monumento temporario a los personajes homenajeados, d...
में बचाया:
| मुख्य लेखक: | |
|---|---|
| स्वरूप: | मूलपाठ |
| विषय: | |
| टैग: |
टैग जोड़ें
कोई टैग नहीं, इस रिकॉर्ड को टैग करने वाले पहले व्यक्ति बनें!
|
MARC
| LEADER | 00000 a a2200000 04500 | ||
|---|---|---|---|
| 001 | 14509 | ||
| 003 | |||
| 040 | |||
| 100 | |a Brenes Tencio, Guillermo | ||
| 245 | |a Héroes y liturgias del poder: |b la ceremonia del apoteosis: México, 6 de octubre de 1910 / |c Guillermo Brenes Tencio | ||
| 520 | |a En este artículo se describe y analiza la ceremonia en honor de los héroes mexicanos de la lucha emancipadora de setiembre de 1810, la cual fue profusa en elementos de valor simbólico y alegórico. Tal fue el caso del levantamiento de un grandioso monumento temporario a los personajes homenajeados, diseñado por el arquitecto Federico E. Mariscal. La actividad recordatoria se escenificó el 6 de octubre de 1910 y sirvió para clausurar los actos conmemorativos del Primer Centenario de la Independencia de México | ||
| 650 | |a INDEPENDENCIA | ||
| 650 | |a HISTORIA POLITICA | ||
| 650 | |a MEXICO | ||
| 650 | |a <01.02.03><04.04.02> | ||
| 773 | |g número 106 (IV) - 107 (I; páginas 107-121 | ||
| 999 | |c 30540 |d 30540 | ||
| 773 | 0 | |0 18728 |9 3033 |a Universidad de Costa Rica |d San José, Costa Rica Editorial UCR 1956- |o 14249 |t Revista de Ciencias Sociales/ |x 04825276 | |
